Fiscala̕s su papel social y jurd̕ico-polt̕ico : una investigacin̤ etnogrf̀ico-institucional

Bibliographic Details
Main Author: Amaral Machado, Bruno
Format: eBook
Language:Spanish
Published: Barcelona : Editorial Anthropos, 2007
Subjects:
Online Access:http://www.vlex.com/source/7654

MARC

LEADER 00000nam a22000007a 4500
005 20130307144037.0
007 cr|||| ||||
008 130307e2007 sp |||||s|||| 00||0 spa d
020 |a 978-84-7658-838-3 
035 |a 7654 
040 |a vLex 
090 |c 3845  |d 3845 
100 1 0 |a Amaral Machado, Bruno  
245 1 0 |a Fiscala̕s  |b su papel social y jurd̕ico-polt̕ico : una investigacin̤ etnogrf̀ico-institucional  |h [Recurso electrn̤ico]  |c / Bruno Amaral Machado 
256 |a Servicio en ln̕ea 
260 |a Barcelona :   |b Editorial Anthropos,   |c 2007  
300 |a 1 Recurso electrn̤ico 
506 |d vLex Global  |d vLex Global (Academic Edition, excluding Law Schools)  |d vLex Global (U.S. Academic Edition, Law Schools)  |d vLex Global (U.S. Academic Edition, excluding Law Schools)  |d vLex Global (Academic Edition, Law Schools) 
650 0 4 |a Fiscales 
650 0 4 |a Sociologa̕ 
650 0 4 |a Antropologa̕ 
650 0 4 |a Organizacin̤ judicial 
740 |a vLex Libros (Servicio en ln̕ea) 
856 |a Acceso restringido  |u http://www.vlex.com/source/7654 
942 |c BOOK 
999 0 |a Public prosecutors